| 000 | 00877nam a2200253 a 4500 | ||
|---|---|---|---|
| 001 | 13248 | ||
| 003 | BD-JhCC | ||
| 005 | 20230801084531.0 | ||
| 008 | 230623s2020 bg a|||| ||a| 00| 0 ben d | ||
| 020 | _a9789848881232 | ||
| 035 | _a(BD-JhCC)13248 | ||
| 040 |
_aBD-JhCC _dBD-JhCC |
||
| 041 | _aben | ||
| 082 |
_a891.4435 _bHAB 2020 |
||
| 100 | _aহাবীব, আহসান | ||
| 245 |
_aনীল ডাউনে ফার্স্ট বয় / _cআহসান হাবীব; চিত্রাবলীতে আরহাম হাবীব |
||
| 260 |
_aঢাকা : _bঘাসফড়িং, _c২০২০ |
||
| 300 |
_a৮৮ পৃ. : _c২৩ সেমি. _bরঙিন পৃষ্ঠা; |
||
| 650 | _aChildren stories | ||
| 650 | _aJuvenile Literature | ||
| 700 | _aহাবীব, আরহাম | ||
| 942 |
_2ddc _cBK |
||
| 999 |
_c13248 _d13248 |
||